00902 2200313 4500001002100000005001500021035002000036007000300056008004100059020001800100082000800118084001400126084001800140084001800158084001800176100001800194245010800212250001100320260004400331300002200375650005600397505006900453990000900522990000900531990000900540990001300549990001300562990001300575INLIS00000000000764020230714034231 a0010-1221000138ta230714 g 0 ind  a9786021527481 a910 a910 EDU m a920 MOR m C.1 a920 MOR m C.2 a920 MOR m C.30 aMorike Eduard1 aMozart's Journey :bkisah perjalanan yang menegangkan dan canda tawa di balik karyanya /cEduard Morike aCet. 1 aSurabaya :bEcosystem Publishing,c2017 a116 ;c16 X 21 cm 4aGeography and Travel/Geografi dan Perjalanan Wisata aPerjalanan adalah menjadi bagian penting dalam kehidupan Mozart. a4537 a4536 a4535 a023.4197 a023.4198 a023.4199